| 000 | 00574nam a22001817a 4500 | ||
|---|---|---|---|
| 003 | 0 | ||
| 005 | 20241010135132.0 | ||
| 008 | 241010b xxu||||| |||| 00| 0 eng d | ||
| 020 | _a9798891611870 | ||
| 050 |
_aQA 76.758 _b.C33 2024 |
||
| 100 |
_aCabrera, Johnathan, _eauthor. |
||
| 245 |
_aIntroduction to software engineering / _cJohnathan Cabrera. |
||
| 260 |
_aJersey City, USA : _bAlexis Press, LLC, _c2024. |
||
| 300 |
_aviii, 327 p. : _bill. ; _c24 cm. |
||
| 504 | _aIncludes bibliographical references and index. | ||
| 650 | _aSoftware engineering. | ||
| 942 |
_2lcc _cBK |
||
| 999 |
_c366498 _d366498 |
||